Life: : an introduction to complex systems biology

Αποθηκεύτηκε σε:
Λεπτομέρειες βιβλιογραφικής εγγραφής
Κύριος συγγραφέας: Kaneko, Kunihiko
Μορφή: Βιβλίο
Γλώσσα:English
Δημοσίευση: Berlin : Springer, 2006
Σειρά:Understanding complex systems,
Springer complexity
Θέματα:
Ετικέτες: Προσθήκη ετικέτας
Δεν υπάρχουν, Καταχωρήστε ετικέτα πρώτοι!

MARC

LEADER 00000nam a2200000 i 4500
001 1/91968
008 080818s2006 eng d
020 |a 3-540-32666-9 
035 |l 10099423 
040 |a GR-MY-UA  |b gre  |e aacr 
041 0 |a eng 
082 0 |a 570  |2 (22) 
100 1 |a Kaneko, Kunihiko. 
245 1 0 |a Life: :  |b an introduction to complex systems biology /  |c K. Kaneko 
260 |a Berlin :   |b Springer,   |c 2006 
300 |a xiv, 369 σ.;  |b εικ.;  |c 24 εκ. 
490 1 |a Understanding complex systems  |x 1860-0840 
490 1 |a Springer complexity 
504 |a Βιβλιογραφία: σ. [349]-364 
504 |a Ευρετήριο: σ. [365]-369 
650 0 0 |a Biological systems. 
650 0 0 |a Systems biology. 
650 0 0 |a Life. 
650 0 0 |a Molecular biology. 
650 0 0 |a Cytology. 
830 0 |a Understanding complex systems,  |x 1860-0840 
830 0 |a Springer complexity 
852 |a INST  |b LESVOS  |e 20080818  |h 570 KAN  |p 005100041978  |q 005100041978  |t BK  |y 0 
901 |a BIBL1-2008-2 
909 |a Λ  |b 143522 
922 |a 1ΕΛΗ  |b 200712  |c ΕΠΕΑΕΚ2/ΤΕΘ  |d ΕΛΕΥΘΕΡΟΥΔΑΚΗΣ 
970 |a ΚΑΡΑ  |b ΓΙΑΣΕΜΗ  |z 2008/08/18